[Event "Washington op 6th"]
[Site "Rockville"]
[Date "2017.08.14"]
[Round "5"]
[White "Prasanna Raghuram, Rao"]
[Black "Naroditsky, Daniel"]
[Result "1-0"]
[WhiteElo "2455"]
[BlackElo "2647"]
[PlyCount "163"]
[EventDate "2017.08.12"]
[EventType "swiss"]
[EventRounds "9"]
[EventCountry "USA"]
[SourceTitle "CBM 180 Extra"]
[Source "ChessBase"]
[SourceDate "2017.10.06"]
[SourceVersion "1"]
[SourceVersionDate "2017.10.06"]
[SourceQuality "1"]

1. e4 e5 2. Nf3 Nc6 3. Bb5 a6 4. Ba4 Nf6 5. d3 b5 6. Bb3 Bc5 7. Nc3 0-0 8. a4 b4 9. Nd5 h6 10. 0-0 Re8 11. Be3 Bf8 12. Nd2 Na5 13. Nxf6+ Qxf6 14. Ba2 Bb7 15. f4 d5 16. exd5 exf4 17. Rxf4 Qe5 18. Re4 Qf5 19. Qf1 Qd7 20. Qf3 Red8 21. Qg3 Qd6 22. Rf4 b3 23. Nxb3 Nxb3 24. Bxb3 Bxd5 25. Bxd5 Qxd5 26. Rc4 Rd6 27. Qf3 Qxf3 28. gxf3 Re6 29. Re4 Rc6 30. Rc4 Rxc4 31. dxc4 Re8 32. Kf2 Bd6 33. Rh1 f5 34. b3 Kf7 35. c5 Be7 36. h4 f4 37. Bxf4 Bxc5+ 38. Kf1 Bb4 39. Kf2 Bc5+ 40. Kg3 Re2 41. Rh2 Re7 42. Rd2 Bb4 43. Rd4 c5 44. Rc4 Rd7 45. Be3 Rd5 46. Kf4 Ke6 47. c3 Ba3 48. b4 cxb4 49. cxb4 Rd3 50. Ke4 Rb3 51. Bd2 Kd6 52. h5 Rb1 53. Kd3 Kd5 54. Rd4+ Kc6 55. Bc3 Rh1 56. Rg4 Rxh5 57. Rg6+ Kb7 58. Rxg7+ Ka8 59. Kc4 Rf5 60. Rg6 Kb7 61. Rf6 Rxf6 62. Bxf6 Bc1 63. Kd5 Bd2 64. Be7 h5 65. Ke4 h4 66. Bxh4 Bxb4 67. f4 Kc6 68. f5 Bc3 69. Bg3 Bf6 70. Be5 Bg5 71. Bg7 Bc1 72. Bh8 Bd2 73. f6 Kd7 74. Kf5 Bc3 75. f7 Bb4 76. Kg6 Ke6 77. Kg7 Kf5 78. Kg8 Kg6 79. Bg7 Bc5 80. Bf8 Bd4 81. Bd6 Bg7 82. Bf4 1-0

[Event "Warsaw Najdorf Memorial op-A 15th"]
[Site "Warsaw"]
[Date "2017.07.16"]
[Round "8"]
[White "Markowski, Tomasz"]
[Black "Prasanna Raghuram, Rao"]
[Result "1/2-1/2"]
[WhiteElo "2557"]
[BlackElo "2466"]
[PlyCount "148"]
[EventDate "2017.07.09"]
[EventType "swiss"]
[EventRounds "9"]
[EventCountry "POL"]
[SourceTitle "CBM 179 Extra"]
[Source "ChessBase"]
[SourceDate "2017.08.23"]
[SourceVersion "1"]
[SourceVersionDate "2017.08.23"]
[SourceQuality "1"]

1. g3 e5 2. c4 Nf6 3. Bg2 c6 4. Nf3 e4 5. Nd4 d5 6. d3 exd3 7. Qxd3 Bc5 8. Nb3 Bb6 9. 0-0 0-0 10. Nc3 dxc4 11. Qxc4 Be6 12. Qa4 Nbd7 13. Bf4 Bc7 14. Bxc7 Qxc7 15. Nd4 Bg4 16. h3 Bh5 17. Rad1 Bg6 18. Rd2 Rfe8 19. Nb3 Nb6 20. Qh4 Re5 21. Qd4 Re7 22. Nc5 Nbd7 23. Rfd1 Nxc5 24. Qxc5 a6 25. Rd4 Rae8 26. b4 h6 27. Qc4 a5 28. a3 axb4 29. axb4 Bf5 30. b5 Be6 31. Qa4 Rd7 32. bxc6 bxc6 33. e3 Rxd4 34. Qxd4 Qa5 35. Rc1 Qa3 36. Ne2 Bd5 37. Bxd5 cxd5 38. Ra1 Qe7 39. Rd1 Qd7 40. Kg2 Qf5 41. g4 Qg5 42. Ng3 h5 43. gxh5 Nxh5 44. Qxd5 Qxd5+ 45. Rxd5 Nxg3 46. Kxg3 g6 47. h4 Kg7 48. h5 gxh5 49. Rxh5 Ra8 50. Kf4 Ra6 51. e4 Ra3 52. Rg5+ Kf6 53. Rf5+ Kg6 54. Rd5 Rb3 55. Rd6+ Kg7 56. Kg4 Rb5 57. Rd5 Rb6 58. f4 Ra6 59. e5 Rg6+ 60. Kf5 Ra6 61. Rd6 Ra5 62. Rd1 Rb5 63. Ke4 Rb4+ 64. Rd4 Rb5 65. f5 Rb1 66. Kf4 Re1 67. Rd3 Rf1+ 68. Rf3 Re1 69. Rg3+ Kf8 70. Ra3 Kg7 71. Rg3+ Kf8 72. Rg2 Ke7 73. Rg4 Rf1+ 74. Kg5 f6+ 1/2-1/2

[Event "Warsaw Najdorf Memorial op-A 15th"]
[Site "Warsaw"]
[Date "2017.07.15"]
[Round "7"]
[White "Prasanna Raghuram, Rao"]
[Black "Miroshnichenko, Pavel"]
[Result "1-0"]
[WhiteElo "2466"]
[BlackElo "2294"]
[PlyCount "71"]
[EventDate "2017.07.09"]
[EventType "swiss"]
[EventRounds "9"]
[EventCountry "POL"]
[SourceTitle "CBM 179 Extra"]
[Source "ChessBase"]
[SourceDate "2017.08.23"]
[SourceVersion "1"]
[SourceVersionDate "2017.08.23"]
[SourceQuality "1"]

1. e4 e5 2. Nf3 Nc6 3. Bb5 a6 4. Ba4 Nf6 5. 0-0 Be7 6. d3 d6 7. c3 0-0 8. Re1 b5 9. Bb3 Na5 10. Bc2 c5 11. Nbd2 Nc6 12. Nf1 Re8 13. h3 Bf8 14. Ng3 h6 15. d4 exd4 16. cxd4 cxd4 17. Nxd4 Bb7 18. Bf4 Nxd4 19. Qxd4 d5 20. e5 Ne4 21. Nxe4 dxe4 22. Qe3 f5 23. Bb3+ Kh7 24. Rad1 Qe7 25. Qb6 Rac8 26. Rc1 Rxc1 27. Rxc1 Rc8 28. Be6 Rxc1+ 29. Bxc1 g6 30. h4 Ba8 31. h5 Qe8 32. Qa7+ Be7 33. Be3 Qd8 34. Kh2 Kh8 35. hxg6 Qf8 36. Bc5 1-0